00733nam a2200193 a 450000100100000000500170001000800410002704000250006808200210009310000290011424501340014325000120027726000360028930000300032550000700035550400390042565100370046470000380050100001791020200929165257.0100407s1999 dr c 000 0 spa d aDO-SdBNPbspacBNPHU a972.93054bP192i1 aPaniagua, José,d1959-13aLa isla de los pendejos :bun análisis cronológico de nuestra historia /cJosé Paniagua ; prólogo Rubén Ventura Taylor. a2a. ed. aSanto Domingo :bTaller,c1999. a96 p. :bretrs. ;c21 cm. aIncluye datos biográficos del autor en la solapa de la cubierta aIncluye bibliografías (p. 92-94) 4aRepública DominicanaxHistoria1 aVentura Taylor, Rubén,epról.